000 00645nam a22002177a 4500
005 20170124105941.0
010 _a185049
020 _c00.00
035 _a185049
037 _bCen Lib/Ret
040 _aDPL
_bEN
082 _a230.65
_2BHA
100 _aBhagvan Das
_911187
245 _aScience of social organisation or the laws of manu :
_cby Bhagvan Das
_bin the light of Atma-vidya /
260 _aBanaras
_bAnanda publishing
_c1948
270 _bBanaras
_aKamacha
300 _avarious pagings
_c17cm(Hb)
650 _aHinduism
_y
_991255
650 _aMeditation--Hinduism
_99554
942 _2ddc
_cEN
_h230.65
_mBHA
999 _c124567
_d124567